00483 a2200181 4500001000700000020001800007040002200025041001600047082002500063100001500088245006700103250000900170260003100179300000800210362001300218490002400231500004600255133684 a85-00-01095-9 cLeonardo Da Vinci aPortuguês a947.084 R255dbR255d aREED, John aDez dias que abalaram o mundobhistória de uma revolução a2.ed bEdiouroc2002aSão Paulo a535 a20020000 aClássicos de ouro aDenise Tavares Gonçalves (Tradução)